| 000 | 00910nam a2200253Ia 4500 | ||
|---|---|---|---|
| 001 | 10506 | ||
| 003 | GE_BSU | ||
| 008 | 181216s||||||||xx |||||||||||||| ||und|| | ||
| 020 | _a9789941042867 | ||
| 040 | _cGE_BSU | ||
| 080 | _a330.222.013+005.915+339.727.22(075.8) | ||
| 100 | _aქოქიქური,ლამარა | ||
| 245 | _aსაინვესტიციო მენეჯმენტი და პოლიტიკა | ||
| 245 | _bსახელმძღვ. | ||
| 245 | _cმეცნ.რედ.გივი გამსახურდია | ||
| 260 | _aთბილისი | ||
| 260 | _bთსუ | ||
| 260 | _c2012 | ||
| 300 | _a926გვ.ილ.დანართი | ||
| 300 | _cდანართი გვ.889-925 | ||
| 541 | _h35ლ. | ||
| 653 | _aსაინვესტიციო მენეჯმენტი და პოლიტიკა | ||
| 942 | _cBK | ||
| 999 |
_c43761 _d43761 |
||